000 00712nam a2200229Ia 4500
003 0100
008 130303s9999 xx 000 0 und d
040 _cARRUPELIB
050 _aD358.F22 2001
100 _aFarmer, Alan
245 3 _aAn introduction to nineteenth-century European history, 1815-1914
260 _aLondon
260 _bHodder & Stoughton
260 _C2001
300 _aviii
300 _b 296p. 25 cm.
440 _aAccess to history
650 _bEnglish fiction - Women authors - History and criticism
650 _cLiterature and society - Great Britain - History - 19th century
650 _dWomen and literature - Great Britain - History - 19th century
942 _2lcc
_01
999 _c58750
_d58750